El caballero, la mujer y el cura : (Record no. 57877)

MARC details
000 -LEADER
campo de control de longitud fija 00787nam a2200253 i 4500
001 - NÚMERO DE CONTROL
campo de control 57877
003 - IDENTIFICADOR DE NÚMERO DE CONTROL
campo de control ES-MaACL
005 - FECHA Y HORA DE LA ÚLTIMA TRANSACCIÓN
campo de control 20250807081019.0
007 - CAMPO FIJO DE DESCRIPCIÓN FÍSICA--INFORMACIÓN GENERAL
campo de control de longitud fija t|
008 - DATOS DE LONGITUD FIJA--INFORMACIÓN GENERAL
campo de control de longitud fija 031020s1982 sp ||||1| spa d
020 ## - NÚMERO INTERNACIONAL ESTÁNDAR DEL LIBRO
Número Internacional Estándar del Libro 84-306-1207-6
080 ## - NÚMERO DE LA CLASIFICACIÓN DECIMAL UNIVERSAL
Número de la Clasificación Decimal Universal 392.5(44)"10/12"
080 ## - NÚMERO DE LA CLASIFICACIÓN DECIMAL UNIVERSAL
Número de la Clasificación Decimal Universal 27-45(44)"10/12"
100 1# - ENTRADA PRINCIPAL--NOMBRE DE PERSONA
Nombre de persona Duby, Georges.
9 (RLIN) 45797
245 13 - MENCIÓN DEL TÍTULO
Título El caballero, la mujer y el cura :
Resto del título el matrimonio en la Francia feudal /
Mención de responsabilidad, etc. Georges Duby ; versión de Mauro Armiño.
260 ## - PUBLICACIÓN, DISTRIBUCIÓN, ETC.
Lugar de publicación, distribución, etc. [Madrid] :
Nombre del editor, distribuidor, etc. Taurus,
Fecha de publicación, distribución, etc. [1982]
300 ## - DESCRIPCIÓN FÍSICA
Extensión 245 p. ;
Dimensiones 21 cm.
490 1# - MENCIÓN DE SERIE
Mención de serie Ensayistas ;
Designación de volumen o secuencia 207
650 #7 - PUNTO DE ACCESO ADICIONAL DE MATERIA--TÉRMINO DE MATERIA
Término de materia o nombre geográfico como elemento de entrada Matrimonio-
Subdivisión geográfica Francia
Fuente del encabezamiento o término
9 (RLIN) 156506
700 0# - ENTRADA AGREGADA--NOMBRE PERSONAL
Nombre de persona Armiño, Mauro,
Fechas asociadas al nombre 1944-
9 (RLIN) 22987
830 1# - PUNTO DE ACCESO ADICIONAL DE SERIE-TÍTULO UNIFORME
Título uniforme Ensayistas ;
Designación de volumen o secuencia 207
9 (RLIN) 177257
852 4# - LOCALIZACIÓN
Ubicación ES-MaACL
Número de control de estantería L-4148
Holdings
Estatus retirado Estado de pérdida Estado de daño No para préstamo Biblioteca de origen Biblioteca actual Ubicación en estantería Fecha de adquisición Fuente de adquisición Total de préstamos Signatura topográfica completa Código de barras Visto por última vez Precio de reemplazo Tipo de ítem Koha
        Biblioteca del Ateneo de Madrid Biblioteca del Ateneo de Madrid Depósito 2 17/01/2008     L-4148 1060747 23/02/2023 23/02/2023 Libro impreso